भारतीय संगीत व संगीत शास्त्र (Record no. 976534)

MARC details
000 -LEADER
fixed length control field 00481nam a2200133Ia 4500
008 - FIXED-LENGTH DATA ELEMENTS--GENERAL INFORMATION
fixed length control field 151001s9999||||xx |||||||||||||| ||und||
100 ## - MAIN ENTRY--PERSONAL NAME
Personal name बा गं आचरेकर
245 ## - TITLE STATEMENT
Title भारतीय संगीत व संगीत शास्त्र
250 ## - EDITION STATEMENT
Edition statement 1
260 ## - PUBLICATION, DISTRIBUTION, ETC. (IMPRINT)
Name of publisher, distributor, etc महाराष्ट्र राज्य साहित्य संस्कुती मंडळ मुंबई
260 ## - PUBLICATION, DISTRIBUTION, ETC. (IMPRINT)
Date of publication, distribution, etc 1974
300 ## - PHYSICAL DESCRIPTION
Extent 463
365 ## - TRADE PRICE
Price amount 21

No items available.